LEADER 01739oam 2200469Ia 450 001 9910708193503321 005 20140329023356.0 035 $a(OCoLC)651925350 035 $a(MiFhGG)NCCO2011201 035 $a(CKB)4920000002449004 035 $a(EXLCZ)994920000002449004 100 $a20780908d1895 uy 0 101 0 $aeng 135 $aur|n||||||||n 200 14$aThe Bear River formation and its characteristic fauna$fby Charles A. White 210 $aWashington $cG.P.O.$d1895 215 $a1 online resource ([3]-108 p., [11] leaves of plates) $cill., map 225 1 $aBulletin of the United States Geological Survey ;$vno. 128 225 1 $aNineteenth Century Collections Online: Science, Technology, and Medicine, Part I 300 $aAt head of title: United States Geological Survey. 300 $aReproduction of the original from the Library of Congress. 320 $aIncludes bibliographical references and index. 410 0$aBulletin of the United States Geological Survey ;$vno. 128. 410 0$aNineteenth Century Collections Online: Science, Technology, and Medicine, Part I. 606 $aGeology$zWyoming 606 $aGeology$zUtah 606 $aGeology$zIdaho 606 $aGeology, Stratigraphic$yCretaceous 606 $aPaleontology$yCretaceous 615 0$aGeology 615 0$aGeology 615 0$aGeology 615 0$aGeology, Stratigraphic 615 0$aPaleontology 700 $aWhite$b Charles A$g(Charles Abiathar),$f1826-1910.$092115 712 02$aGeological Survey (U.S.) 801 0$bMIGCL 801 1$bUtOrBLW 906 $aBOOK 912 $a9910708193503321 996 $aThe Bear River formation and its characteristic fauna$94192504 997 $aUNINA LEADER 01381nam0-22004691i-450 001 990001836030403321 005 20260223114548.0 010 $a88-8292-073-9 035 $a000183603 100 $a20030910d1999----km-y0itay50------ba 101 0 $aita 102 $aIT 105 $ay-------001yy 200 1 $a<>giacobinismo radicale di Vincenzo Russo$egli elementi non utopici del suo pensiero politico$fCristina Passetti 210 $aNapoli$cLa cittą del sole$d1999 215 $a115 p.$d21 cm 225 1 $aTestimonianze$v19 300 $aIn cop.: Istituto italiano per gli studi filosofici 610 0 $aNapoli$aStoria 610 0 $aRusso, Vincenzo$aStudi 676 $a945.73 676 $a320.5 676 $a945.707 43$v21$zita 676 $aSAG-PAS-1$v22$zita 700 1$aPassetti,$bCristina$080690 801 0$aIT$bUNINA$gRICA$2UNIMARC 901 $aBK 912 $a990001836030403321 952 $a60 DONO UNINA 29$b7683$fFAGBC 952 $aCOLLEZ. 1905 (19)$b35372$fFSPBC 952 $a945.7082 PAS 01$bBibl.31966$fFLFBC 952 $aXVII 1174$b40005*$fFGBC 952 $aSAG-PAS-1$b172/2023$fSC1 952 $aMAR / PAS 2$b12666$fBFS 959 $aBFS 959 $aFAGBC 959 $aFSPBC 959 $aFLFBC 959 $aFGBC 959 $aSC1 996 $aGiacobinismo radicale di Vincenzo Russo$974211 997 $aUNINA